| 000 | 00000nam##2200000za#4500 |
| 001 | 9.578771 |
| 003 | CaOODSP |
| 005 | 20210624190238 |
| 007 | cr ||||||||||| |
| 008 | 150406|1988||||xxc|||||o f|0| 0 eng|d |
| 022 | |a1488-5387 |
| 040 | |aCaOODSP|beng |
| 043 | |an-cn--- |
| 086 | 1 |aFs97-4/1980E-PDF |
| 110 | 1 |aCanada. |bDepartment of Fisheries and Oceans. |
| 245 | 10|aDownstream fry enumeration of the 1985 brood sockeye and chinook escapement to the Horsefly River / |h[electronic resource]|cby C. Mueller and R. Kent. |
| 260 | |aCultus Lake - British Columbia : |bFisheries and Oceans Canada |cMarch 1988. |
| 300 | |a36p.|bgraphs, illus., maps, references, tables |
| 490 | 1 |aCanadian manuscript report of fisheries and aquatic sciences|x1488-5387|vNo. 1980 |
| 546 | |a(Résumés en français) |
| 590 | |a14-04-Supp|b2014-02-05 |
| 830 | #0|aCanadian manuscript report of fisheries and aquatic sciences,|x1488-5387|vNo. 1980|w(CaOODSP)9.505211 |
| 856 | 40|ahttp://publications.gc.ca|qPDF|s1594 KB|uhttps://publications.gc.ca/collections/collection_2014/mpo-dfo/Fs97-4-1980-eng.pdf|yNo. 1980 |